000 00561nam a2200217Ia 4500
008 220204s9999 xx 000 0 und d
082 _aNR:62:678.023
_bBAR;1
100 _aFred W
245 0 _aRubber compounding: Principles, materials and techniques
250 _aEd.2
260 _aNew York
_bMarcel Dekker
_c1993
650 _aAccelerators
650 _aActivators
650 _aCarbon black
650 _aNon black filler
650 _aPlasticizers
650 _aRetarders
650 _aSofteners
650 _aVulcanizing agents
942 _cBK
999 _c41003
_d41003